Sales management theory and practice (Record no. 80310)
[ view plain ]
| 000 -LEADER | |
|---|---|
| fixed length control field | 00645nam a2200145 a 4500 |
| 008 - FIXED-LENGTH DATA ELEMENTS--GENERAL INFORMATION | |
| fixed length control field | 120416s1990 ||||||||||||||||| || u |
| 020 ## - INTERNATIONAL STANDARD BOOK NUMBER | |
| International Standard Book Number | 0333473833 |
| 050 ## - LIBRARY OF CONGRESS CALL NUMBER | |
| Classification number | HF 5438.4 Don |
| 100 ## - MAIN ENTRY--PERSONAL NAME | |
| Personal name | Donaldson, Bill |
| 245 10 - TITLE STATEMENT | |
| Title | Sales management theory and practice |
| 260 ## - PUBLICATION, DISTRIBUTION, ETC. | |
| Place of publication, distribution, etc. | London |
| Name of publisher, distributor, etc. | McMillan |
| Date of publication, distribution, etc. | 1990 |
| 350 ## - | |
| -- | 0.00 |
| 995 ## - | |
| -- | TEXTBOOKS (SB) |
| -- | 0.00 |
| -- | 1627 |
| -- | CBU-SCHOOL TEXTBOOK COLLECTIONS |
| -- | 1 |
| -- | 0.00 |
| -- | SCHOOL TEXTBOOK |
| -- | 1 |
| -- | AVAILABLE |
| -- | Sep 18, 2009 |
| -- | 1627 |
| -- | School Collections |
| 995 ## - | |
| -- | MAIN LIBRARY OPEN ACCESS |
| -- | 0.00 |
| -- | 730598 |
| -- | CBU-MAIN LIBRARY (Kitwe) |
| -- | 1 |
| -- | 25.00 |
| -- | HF 5438.4 Don |
| -- | 1 |
| -- | AVAILABLE |
| -- | Apr 26, 2006 |
| -- | 027455 |
| -- | Main Library Open Access Collection |
| 999 ## - | |
| -- | 80310 |
| -- | 80310 |
| Withdrawn status | Lost status | Source of classification or shelving scheme | Damaged status | Not for loan | Permanent Location | Current Location | Shelving location | Date acquired | Total Checkouts | Full call number | Barcode | Date last seen | Copy number | Price effective from | Koha item type |
|---|---|---|---|---|---|---|---|---|---|---|---|---|---|---|---|
| CBU-MAIN LIBRARY, KITWE. | CBU-MAIN LIBRARY, KITWE. | 06/29/2023 | HF 5438.4 Don | 027455 | 06/29/2023 | 2 | 06/29/2023 | MONOGRAPH | |||||||
| CBU-SCHOOL TEXT BOOK COLLECTION | CBU-SCHOOL TEXT BOOK COLLECTION | 06/29/2023 | SCHOOL TEXTBOOK | 1627 | 06/29/2023 | 1 | 06/29/2023 | MONOGRAPH |